From nouns to intejections : (Record no. 113097)
[ view plain ]
| 000 -LEADER | |
|---|---|
| fixed length control field | 00333nam a2200109 a 4500 |
| 005 - DATE AND TIME OF LATEST TRANSACTION | |
| control field | 20140414132002.0 |
| 008 - FIXED-LENGTH DATA ELEMENTS--GENERAL INFORMATION | |
| fixed length control field | 110217s19uu xx 00 eng d |
| 050 ## - LIBRARY OF CONGRESS CALL NUMBER | |
| Classification number | TR 420.7 |
| Item number | N22 2008 |
| 100 ## - MAIN ENTRY--PERSONAL NAME | |
| Personal name | Navarro, Remedios |
| 245 ## - TITLE STATEMENT | |
| Title | From nouns to intejections : |
| Remainder of title | a textbook for learners of English as a second language. |
| Withdrawn status | Lost status | Damaged status | Home library | Current library | Shelving location | Date acquired | Total Checkouts | Full call number | Barcode | Date last seen | Price effective from | Koha item type |
|---|---|---|---|---|---|---|---|---|---|---|---|---|
| Munich Library | Munich Library | Teachers Reference Section | 02/17/2011 | TR 420.7 N22 2008 | M4580 | 04/14/2014 | 04/14/2014 | Books |